[Event "Hoogovens"]
[Site "Wijk aan Zee"]
[Date "1997.01.31"]
[Round "11"]
[White "Nikolic, Predrag"]
[Black "Van Wely, Loek"]
[Result "1/2-1/2"]
[WhiteElo "2655"]
[BlackElo "2645"]
[Annotator "Alterman,B"]
[PlyCount "46"]
[EventDate "1997.01.18"]
[EventType "tourn"]
[EventRounds "13"]
[EventCountry "NED"]
[EventCategory "16"]
[SourceTitle "CBM 057"]
[Source "ChessBase"]
[SourceDate "1997.04.01"]
[SourceVersion "1"]
[SourceVersionDate "1997.04.01"]
[SourceQuality "1"]

1. d4 Nf6 2. Nf3 d5 3. c4 dxc4 4. Nc3 a6 5. e4 b5 6. e5 Nd5 7. a4 e6 8. axb5
Nb6 (8... Bb4 9. Qc2 Nb6 10. Qe4 Qd5 11. Qg4 axb5 12. Rxa8 Qxa8 13. Be2 Nd5 14.
Qxg7 Rf8 15. O-O Bxc3 16. Ng5 Bb4 {1-0 Sakaev,K-Kharlov,A/EuClub Cup Final
Budapest HUN (03) 1996 (39)}) 9. bxa6 $6 $146 (9. Be2 Bb7 10. O-O axb5 11. Rxa8
Bxa8 12. Nxb5 Qd7 13. Na3 Bd5 14. Qc2 Bxa3 15. bxa3 Nc6 16. Rd1 Bxf3 17. Bxf3
Nxd4 18. Qe4 Nxf3+ 19. Qxf3 Qa4 {1/2-1/2 Nielsen,PH-Kumaran,D/Copenhagen KS 
(02) ;CBM 55 1996 (34)}) (9. Ng5 h6 10. Nge4 (10. Qh5 $2 {Ftacnik} g6 $17 (
10... hxg5 $2 11. Qxh8 Qxd4 12. Be2 Qxe5 13. O-O $44 axb5 14. Rxa8 Nxa8 15. f4
$1 gxf4 16. Bxf4 Qc5+ 17. Kh1 Nd7 18. Ne4 Qd4 19. Ng5 Nf6 20. Bf3 $1 {1-0
Kramnik,V-Miles,A (02)/London PCA-Intel GP (01)/1995/ (40)}) 11. Qh3 $140 Qxd4
12. Nf3 Qd8 13. Bg5 Be7 14. Rd1 N8d7 15. Ne4 Bxg5 16. Nfxg5 axb5 17. Nh7 $1
Rxh7 18. Nf6+ Nxf6 19. Rxd8+ Kxd8 20. exf6 Nd5 $17) 10... Bb7 11. Qg4 axb5 12.
Rxa8 Bxa8 13. Nxb5 Qd7 14. Nbc3 Nc6 15. Be3 Nb4 16. Be2 Nc2+ 17. Kf1 {0-1
Krasenkow,M-Grabarczyk,M/POL-ch (12) ,CBM 53 1996 (40)} (17. Kd2 {Ftacnik} Nxd4
18. Rd1 Nf3+ 19. Kc1 Nxe5 20. Rxd7 Nxg4 21. Rxc7 Nxe3 22. fxe3 Bxe4 23. Nxe4
Nd5 24. Rxc4 f5 $17)) (9. Be3 $5 Bb4 10. Nd2 axb5 11. Rxa8 Nxa8 12. Qg4 Kf8 13.
Nxb5 Nb6 14. Nc3 Nc6 15. Be2 h5 16. Qe4 Bb7 {1-0 Kramnik,V-Kortchnoi,V/
EuClubCup Final Budapest HUN (01) 1996 (49)}) 9... Rxa6 $1 (9... Bxa6 10. Be2
$14) 10. Rxa6 (10. Bg5 Qd7) 10... Nxa6 (10... Bxa6 11. Be2 $14) 11. Bg5 (11.
Bxc4 Nxc4 12. Qa4+ Qd7 13. Qxc4 Nb4 $1 $15) 11... Qd7 12. Be2 Bb7 13. O-O h6
14. Be3 Be7 15. Nd2 (15. b3 $5 Bb4 16. Na2 Bd5 $13) 15... O-O 16. Bf3 (16. Nxc4
Nxc4 17. Bxc4 Nb4 18. Qg4 Kh8 $10) 16... Bxf3 17. Qxf3 c5 18. dxc5 (18. Qg3 Kh8
(18... cxd4 $2 {doesn't work because of} 19. Bxh6 g6 20. Bxf8 dxc3 21. Bxe7
cxd2 22. Bd6 $1) 19. Rd1 Qc6 $1 (19... cxd4 $6 20. Bxd4 $1)) 18... Nxc5 19. Qg4
Qc7 20. Nce4 $10 (20. Bxh6 Qxe5 21. Nf3 Qf6 22. Be3 $14) 20... Nxe4 21. Qxe4 (
21. Nxe4 Qxe5 (21... Nd5 $1 22. Bd4 $10) 22. Bxb6 f5 23. Qe2 fxe4 24. Qxc4 Bd6
$14) 21... Rc8 $10 22. Rc1 Bc5 23. h4 (23. Nxc4 Bxe3 24. fxe3 $10) 23... Bxe3
1/2-1/2

[Event "Tekirdag Rodosto"]
[Site "Tekirdag"]
[Date "2016.11.10"]
[Round "8"]
[White "Atalik, Suat"]
[Black "Sulava, Nenad"]
[Result "0-1"]
[WhiteElo "2550"]
[BlackElo "2466"]
[Annotator "Atalik,S"]
[PlyCount "64"]
[EventDate "2016.11.02"]
[EventType "tourn"]
[EventRounds "9"]
[EventCountry "TUR"]
[EventCategory "11"]
[SourceTitle "CBM 176"]
[Source "ChessBase"]
[SourceDate "2017.01.17"]
[SourceVersion "1"]
[SourceVersionDate "2017.01.17"]
[SourceQuality "1"]

1. d4 d5 2. Nf3 Nf6 3. c4 dxc4 4. Nc3 {I finally pulled out my secret weapon
against the QGA.} a6 5. e4 b5 6. e5 Nd5 7. a4 e6 {Tony Miles's move which he
found in the mid 90s,} ({after being dissatisfied with} 7... Nxc3 8. bxc3 Qd5
9. g3 Be6 10. Bg2 Qb7 11. O-O Bd5 12. e6 $1 {in the early 80s.}) 8. axb5 Bb4 $5
({A more popular move is} 8... Nb6 9. Be3 $1) 9. Qc2 $1 (9. Bd2 Nb6 {misplaces
the pieces.}) 9... Nb6 10. Be2 {Not being well acquainted with ...Bb4.} (10.
Qe4 {I calculated the following line till a draw.} Qd5 11. Qg4 axb5 12. Rxa8
Qxa8 13. Qxg7 ({Nenad added at the press conference that} 13. Be2 g6 14. O-O
Bxc3 15. bxc3 h6 $1 {may even be better for Black as GM Edouard demonstrated.})
13... Qa1 14. Qxh8+ Kd7 15. Kd1 Bxc3 16. bxc3 Qa4+ 17. Kd2 Qa2+ 18. Ke1 Qb1 $11
) 10... Bb7 11. O-O Bxc3 $146 ({I thought that after} 11... Qd7 12. bxa6 Rxa6 (
12... Nxa6 13. b3) 13. Be3 $14) (11... axb5 {or} 12. Rxa8 Bxa8 13. Nxb5 Bc6 14.
Bxc4 Bxf3 15. gxf3 c6 16. Qb3 $1 {I take my pawn back.}) 12. bxc3 $5 axb5 13.
Ba3 {I thought that the presence of rooks should be better for White.} ({
rather than} 13. Rxa8 Bxa8 14. Ba3) 13... Nd5 $6 {This move may not be
necessary!} (13... N8d7 $142 14. Rfb1 (14. Nd2 Ra5 $1) 14... Ra5 $1 {and in
each case ...Qa8 is annoying.}) 14. Rfb1 Bc6 15. Nd2 Nd7 (15... Nf4 $5 16. Ne4
$1 (16. Bf3 $6 Bxf3 17. Nxf3 Qd5 $17) 16... Nxe2+ 17. Qxe2 Qh4 18. f3 Nd7 19.
Bb4 {and I had already reasoned that the presence of opposite coloured bishops
favours White.} Rxa1 20. Rxa1 Nb6 {but a closer look suggest that things are
not easy.} 21. Ra7 (21. Ra6 Bxe4 22. fxe4 Kd7) 21... Nd5 $13) 16. Bf3 N7b6 17.
Ne4 Na4 18. Nc5 $1 {A little trick} Qg5 $5 {The move puzzled me since Black
loses some tempi with the idea of simplifying the position by getting rid of
the minor pieces.} ({With the obvious idea} 18... Naxc3 $4 19. Qxc3 Nxc3 20.
Bxc6+ Ke7 (20... Kf8 21. Nxe6+) 21. Na4+ $18) 19. Nxa4 (19. Bc1 Qd8 20. Nxa4
bxa4 $5 {Ther is no need to give this possibility to Black.} 21. Ba3) (19. g3
$6 Nxc5 20. Bxc5 Kd7 $17) 19... Rxa4 20. Bc1 Qd8 21. Rxa4 bxa4 22. Ba3 $1 $44 {
White has attacking chances but once again things are far from being clear:
Black has a combination of good moves like ...Kd7, ...Qa8 and ...f5!} (22. Qe2
Qa8 23. Qxc4 Kd7 $132) 22... Qa8 (22... f5 $6 23. exf6 gxf6 24. Qe2 $40) (22...
Kd7 $142 {may even be better at once.} 23. Bxd5 Bxd5 24. Qxa4+ Bc6 25. Qxc4 Qg5
26. d5 (26. f3 Ra8) 26... Bxd5 27. Qb5+ Kc8 28. Qa6+ Kd7 $11) 23. Qd2 {The
natural move bringing the queen towards the vulnerable kingside.} (23. h4 $2
Nb6 $1) (23. Qa2 $6 Nb6 $1 24. Rxb6 $2 cxb6 25. Qxc4 Bxf3 26. gxf3 (26. Qc7 Qb7
) 26... Kd7 27. Qb4 Qc6 28. Qe7+ Kc8 $19) (23. Qc1 Kd7) (23. Bxd5 $5 Bxd5 24.
f3 f5 (24... Kd7 25. Rb4) (24... h6 25. Rb4 Bc6 26. Rxc4 Qa6 27. Rc5 O-O $13)
25. Rb4 (25. exf6 gxf6) 25... Kf7 26. Rxa4 Qc6 $11) 23... Kd7 24. Bxd5 {
The following two moves are obligatory for White.} ({I spent almost a quarter
of an hour} 24. Qg5 $2 Nxc3 25. Qe7+ (25. Qxg7 Qg8) 25... Kc8 26. Bd6 Qa5 $1 {
looking in this position in total disbelief. White is not winning but in
reality he is losing!} (26... Qa7 $2 27. Bc5 Qa6 28. Rb6 cxb6 29. Bxc6 bxc5 30.
Qd7+ Kb8 31. Qd6+ $11) (26... cxd6 $4 27. exd6 $18) 27. Bb4 Qb6) 24... Bxd5 25.
Qf4 (25. Qg5 Qd8 $1 26. Qh5 (26. Qxg7 Qg8 27. Qxg8 Rxg8 28. g3 $11) 26... Qe8
27. Rb4 f6 $11) 25... Qe8 $5 {Unexpected! The position is optically deceptive
since Black will break with ...f5!} ({I had been considering only} 25... Rb8 {
which is not a bad move after all.} 26. Qxf7+ Kc6 27. Ra1 Rb3 28. h4 (28. h3
Rxc3 29. Bb4 Rb3 30. Rxa4 Qd8) 28... Rxc3 29. Bb4 Rb3 30. Rxa4 Qd8 31. Be7 Qd7
32. Qxg7 $13) 26. Rb5 {The most logical move in the position. Considering the
later happenings in the game, it is really strange that I was already
considering Rxd5!} (26. Rb4 f6 (26... g5) 27. exf6 Qg6 28. Qg3 Qxg3 29. hxg3
gxf6 30. Rxa4 $11) (26. h4 f5) (26. Qg4 g5 27. f3 Qg8 $1 $36) 26... f5 $1 (
26... g5 $5 27. Qf6 h5 $13) (26... f6 $2 27. Qg4 $1) 27. f3 (27. exf6 $6 Qg6
28. Rxd5+ $2 exd5 29. fxg7 Rg8 $1 $19 (29... Qb1+ 30. Bc1 Rg8)) (27. Rxd5+ $2
exd5 28. Qxf5+ Qe6 $19) (27. Qg5 Qf7 28. f3 h6 29. Qd2 Qg6 $5 $13 (29... g5))
27... h6 28. Ra5 g5 29. Qd2 (29. Qc1 $5 Bc6) 29... g4 $138 {In slight time
trouble Nenad pushes his kingside forward which looked impossible because of
the thematic Rxd5 but...} (29... Bc6 30. d5) (29... Qb8 30. Bb4 Qb6 31. Rxa4
Ra8 32. Rxa8 Bxa8 33. h4) 30. fxg4 (30. f4 g3 $5) 30... Qg6 $5 (30... fxg4 {
may be safer.} 31. Qd1 Qg6 32. Qxa4+ (32. Rxd5+ exd5 33. Qxa4+ c6) 32... Bc6
33. Qxc4 Qc2 34. d5 Qd1+ 35. Kf2 Bxd5 36. Qa4+ Qxa4 37. Rxa4 $11) 31. Qc2 {
Now I started to get dissatisfied with whatever I had on the board.} (31. Rxd5+
$5 exd5 32. Qc2 Ke6 (32... Rb8 33. gxf5 Qg5 {is a transposition to what should
have happened in the game.}) 33. gxf5+ (33. Qxa4 Qe8 (33... fxg4 34. Qc6+ Kf5
35. Qxd5 Qe6 36. Qb7 Kg6 37. Qxc7 Ra8 38. Qc5 $13) 34. gxf5+ Kxf5 35. Qc2+ Ke6
36. h3 h5 $13) 33... Qxf5 34. Qxa4 Qb1+ 35. Kf2 Qf5+ 36. Kg1 $11) 31... Rb8 $5
{An interesting decision!} ({I had only considered} 31... Be4 $1 32. Qxa4+ Bc6
33. Qb4 Qg5 (33... fxg4 34. Ra7 Kc8 35. Qxc4 Qe4 36. Qf1 Rh7 37. Qf8+ Kd7 38.
Qd6+ Kc8 $11) (33... Qxg4 34. Qe7+ Kc8 35. Qxe6+ Kb8 $5 (35... Kb7 36. Ra7+
Kxa7 37. Qxc6 Qd1+ 38. Kf2 Qd2+ $11)) 34. h4 Qxh4 (34... Qe3+ 35. Kh2 $11) 35.
Ra7 $11) 32. gxf5 $4 ({I had been considering} 32. Rxd5+ {for ages but at the
very last moment I gave up the idea thinking that I may win a tempo with the
text.} exd5 33. gxf5 (33. Qxa4+ $2 Kc8 $19) (33. Qxf5+ $2 Qxf5 34. gxf5 Rb3 35.
e6+ Kd8 $1 $19) 33... Qg5 34. Bc1 (34. Qxa4+ $2 Kd8) (34. h4 Qe3+ 35. Kh2 Rb3
36. f6 Qf4+ 37. g3 Qf3 38. Qh7+ Kc6 39. f7 Qf2+ 40. Kh3 Qf1+ 41. Kg4 Qd1+ $11)
(34. h3 Qe3+ 35. Kh2 Rb3 36. Bc1 Qxc3 37. Qxc3 Rxc3 38. Bxh6 a3 39. e6+ Ke7 40.
Bg5+ Kd6 41. Bf4+ Ke7 $11) (34. e6+ Kc8 35. Bc1 Qh4 36. g3 Qg4 37. Qxa4 Rb1 38.
Qd7+ Kb7 39. Qxd5+ Ka7 40. Qa5+ Kb7 41. Kf2 $11) 34... Qh4 35. Qxa4+ (35. g3
Qe4 36. Qxa4+ c6 37. e6+ Kd8 38. Qxc6 Qe1+ 39. Kg2 Qe2+) 35... c6 36. g3 Qe4
37. e6+ Kd8 38. Qxc6 Qe1+ 39. Kg2 Qe2+ $11) (32. Bb4 $6 Be4 33. Qxa4+ Bc6 34.
Qd1 fxg4 35. Ra2 Ra8 $40) 32... Rb1+ $1 {This kind of move gives you insomnia
for some nights!} 0-1

[Event "Rijeka Liburnija 1st"]
[Site "Rijeka"]
[Date "2005.04.13"]
[Round "3"]
[White "Jovanic, Ognjen"]
[Black "Jankovic, Alojzije"]
[Result "1-0"]
[WhiteElo "2435"]
[BlackElo "2480"]
[Annotator "Atlas,V"]
[PlyCount "33"]
[EventDate "2005.04.11"]
[EventType "tourn"]
[EventRounds "11"]
[EventCountry "CRO"]
[EventCategory "10"]
[SourceTitle "CBM 107"]
[Source "ChessBase"]
[SourceDate "2005.08.01"]
[SourceVersion "1"]
[SourceVersionDate "2005.08.01"]
[SourceQuality "1"]

1. d4 Nf6 2. c4 e6 3. Nf3 d5 4. Nc3 dxc4 5. e3 a6 6. a4 b6 7. Bxc4 Bb4 8. O-O
Bb7 9. Qe2 O-O 10. Bd3 Nc6 11. Rd1 Qe7 (11... Na5 {is a more popular
continuation here.}) 12. e4 e5 $6 (12... h6 {was to be preferred.}) 13. Bg5 $1
{[%csl Rf6][%cal Gg5e7,Gc3d5] A very strong move yielding White a dangerous
initiative.} Nxd4 $2 ({After this move White develops an irresistible attack.
Essential was} 13... Bxc3) 14. Nxd4 exd4 15. e5 dxc3 (15... Qe6 {loses after}
16. Bxf6 gxf6 17. Qh5) 16. Bxf6 Qe6 {[%tqu "En","Black's king is in desperate
situation. How can White finish him off?","Destroy the pawn shield around the
enemy king.","Sacrifice your bishop!","d3h7","After this sacrifice mate is
inevitable",4]} 17. Bxh7+ $1 {[%csl Ge2,Gf6,Rg7,Rg8,Gh7][%cal Ge2h5]} (17.
Bxh7+ {, and Black resigned in view of inevitable mate:} Kxh7 (17... Kh8 18.
Qh5) 18. Qh5+ Kg8 19. Qg5 {, with mate in three.}) 1-0

[Event "Bugojno"]
[Site "Bugojno"]
[Date "1978.03.03"]
[Round "5"]
[White "Balashov, Yuri S"]
[Black "Miles, Anthony John"]
[Result "1-0"]
[WhiteElo "2590"]
[BlackElo "2565"]
[Annotator "Bulletin"]
[PlyCount "57"]
[EventDate "1978.02.27"]
[EventType "tourn"]
[EventRounds "15"]
[EventCountry "YUG"]
[EventCategory "14"]
[SourceTitle "MCL"]
[Source "ChessBase"]
[SourceDate "1999.07.01"]
[SourceVersion "1"]
[SourceVersionDate "1999.07.01"]
[SourceQuality "1"]

1. d4 d5 2. Nf3 Nf6 3. c4 dxc4 4. Nc3 a6 5. e4 b5 6. e5 Nd5 7. a4 Nxc3 8. bxc3
Qd5 9. g3 Be6 (9... Bb7 10. Bg2 Qd7 11. Nh4 c6 12. f4 e6 13. f5 exf5 14. O-O g6
15. Bg5 $16 {Kavalek-Miles, Wijk aan Zee 1978}) 10. Bg2 Qb7 11. O-O (11. Nh4 $1
Bd5 12. Bxd5 Qxd5 13. O-O e6 14. Ng2 Nd7 15. Nf4 Qb7 16. Qg4 $16 {
Sosonko-Schammo, Ostende 1975}) 11... Bd5 12. e6 (12. Ba3 e6 13. Bxf8 Kxf8 14.
Nh4 Bxg2 15. Nxg2 Nd7 $17 {Ivkov-Filip, Zagreb 1965}) 12... Bxe6 (12... fxe6
13. Nh4 (13. Re1 Nd7 14. axb5 axb5 15. Rxa8+ Qxa8 16. Qe2 g6 17. Bf4 Bg7 $13)
13... Bxg2 14. Nxg2 b4 $15) 13. Ng5 Bd5 14. Bxd5 Qxd5 15. axb5 (15. Qg4 e6 16.
axb5 h6 $1) 15... axb5 16. Rxa8 Qxa8 17. Qg4 Nc6 (17... Qb7 18. Qf5 f6 19. Ne6
{/\Qxb5+/-}) (17... e6 18. Nxe6) (17... Nd7 18. Nxf7) 18. Qf3 (18. Qf5) 18...
f6 19. Ne6 Qb7 20. Qd5 $18 g5 21. Bf4 $1 Bh6 22. Re1 Qb6 23. Nxc7+ Kf8 24. Re6
$1 gxf4 25. Rxc6 Qb8 26. Ne6+ Ke8 27. Rc7 Kf7 28. Nxf4+ Kf8 29. Qc5 1-0

[Event "Morelia/Linares 23rd"]
[Site "Morelia/Linares"]
[Date "2006.03.05"]
[Round "10"]
[White "Vallejo Pons, Francisco"]
[Black "Bacrot, Etienne"]
[Result "0-1"]
[WhiteElo "2650"]
[BlackElo "2717"]
[Annotator "CB"]
[PlyCount "66"]
[EventDate "2006.02.18"]
[EventType "tourn"]
[EventRounds "14"]
[EventCountry "ESP"]
[EventCategory "20"]
[SourceTitle "CBM 112"]
[Source "ChessBase"]
[SourceDate "2006.06.07"]
[SourceVersion "1"]
[SourceVersionDate "2006.06.07"]
[SourceQuality "1"]

1. Nf3 d5 2. d4 Nf6 3. c4 dxc4 4. Nc3 {This natural developing move is not
really fashionable nowadays.} a6 ({Against WHite's declared intention to
occupy the centre with e4,} 4... c6 {is considered a safer reaction, because
the influence of the c6-pawn over the centre is higher than that of his
marginal colleague. However, White can now abandon his initial plan andplay} 5.
a4 {transposing to a genuine Slav, which might not always suit a player having
the Queen's Gambit Accepted as his main opening.}) 5. e4 b5 6. e5 Nd5 7. a4 e6
({Black should refrain from maintaining the extra-pawn with} 7... Bb7 {because
of the resolute} 8. e6 $1 {which would create him big problems with the
development of the king side.}) 8. axb5 Nb6 9. Ng5 ({A rare move. White
usually continues his development with} 9. Be3) ({or} 9. Be2) 9... h6 10. Nge4
({White was successful with} 10. Qh5 {in the game Kramnik-Miles, London 1995,
but later it was established that Black could obtain a good gamewith} g6 {
. Apparently, Kramnik had the same feeling, since in the very next game
against the same opponent he did not repeat the experiment with 9.Ng5.}) 10...
axb5 11. Rxa8 Nxa8 12. Nxb5 Nb6 {White has won his pawn back and maintains the
more compact structure. However, the firm control of the d5-square offers
Black reasonable play.} 13. Be3 Nc6 14. Be2 Bb4+ 15. Nbc3 O-O 16. g4 $2 {
In certain positions, the slight weakening of the black king side provoked by .
..h6 justifies such radical attacking moves. However, this hardly is the case
now, when the centre is not blocked. Vallejo might have overlooked the threat
created by Black's natural reply.} Bb7 {Completing the development and
threatening to win a pawn with ...Nxe5.} 17. O-O {Admitting the complete
failure of his attacking plans. Once he was more or less forced to castle,
White would gladly spend another tempo in order to retreat his pawn to its
initial square, if only allowed by the regulations..} Ne7 18. Nd2 Bxc3 19. bxc3
Ned5 20. Qc1 Nxe3 21. fxe3 Qg5 22. Rf4 Nd5 23. Re4 Ne7 24. Rf4 Ng6 25. Rf2 Qxe3
26. Nb3 Qxc1+ 27. Nxc1 c5 28. Bxc4 cxd4 29. Rb2 Bf3 30. cxd4 Rc8 31. Rc2 Be4
32. Nd3 Nf4 33. Rd2 Nh3+ 0-1

[Event "St Petersburg op"]
[Site "St Petersburg"]
[Date "1994.??.??"]
[Round "8"]
[White "Zakharevich, Igor"]
[Black "Ibragimov, Ildar"]
[Result "1-0"]
[WhiteElo "2395"]
[BlackElo "2525"]
[Annotator "Chekhov,V"]
[PlyCount "83"]
[EventDate "1994.02.??"]
[EventType "swiss"]
[EventRounds "9"]
[EventCountry "RUS"]
[SourceTitle "CBM 041"]
[Source "ChessBase"]
[SourceDate "1994.08.01"]
[SourceVersion "1"]
[SourceVersionDate "1994.08.01"]
[SourceQuality "1"]

1. d4 d5 2. Nf3 Nf6 3. c4 dxc4 4. Nc3 a6 5. e4 b5 6. e5 Nd5 7. a4 Nxc3 8. bxc3
Qd5 9. g3 Bb7 (9... Be6 10. Bg2 Qb7 11. O-O Bd5 12. e6 $1 Bxe6 (12... fxe6 13.
Nh4 g6 14. Re1 Bg7 15. Qg4 O-O 16. Qxe6+ Bxe6 17. Bxb7 Ra7 18. Bg2 Bd7 19. axb5
Bxb5 20. Ba3 $16 {Gurevich,M/}) 13. Ne5 $1 Bd5 (13... c6 14. Qh5 g6 15. Nxg6
fxg6 16. Qe5 $18) 14. Bxd5 Qxd5 15. axb5 f6 (15... axb5 16. Rxa8 Qxa8 17. Qg4)
(15... Qxb5 16. Qf3 $18) 16. Ng4 $1 Qxb5 (16... axb5 17. Ne3 Qb7 18. Rxa8 Qxa8
19. Qh5+ $18) 17. Qf3 c6 18. Ne3 $1 $18 {Chernin,A-Mikhalchishin,A/Lvov/1987/1:
0 (43) Inf 44/466/}) 10. Bg2 Qd7 11. Ba3 (11. O-O e6 12. Nh4 Nc6 $5 13. f4 g6
14. f5 $1 gxf5 15. Bg5 Be7 $8 16. Bxe7 Qxe7 17. Qb1 b4 $1 18. cxb4 Rb8 19. d5
Nxb4 $1 20. d6 Qd8 21. Nxf5 $8 exf5 22. Qxf5 O-O 23. dxc7 Qxc7 24. Qg5+ $10 {
Morgulov,A-Shumilin,V/SSSR/1991/0,5 (25) Inf 52/387/}) 11... g6 (11... e6 12.
Bxf8 Kxf8 13. O-O g6 14. Ng5 Bxg2 15. Kxg2 Qd5+ 16. Qf3 Qxf3+ 17. Kxf3 b4 $8
18. cxb4 Nc6 19. Rac1 Nxb4 20. Rxc4 Nd5 $10 {Kapetanovic,A-Grottke,H/corr/8588/
0,5 (56) Inf 46/511; 14.Nh4!?/}) 12. h4 (12. O-O $5 Bg7 13. Re1 O-O 14. e6 fxe6
15. Ne5 Qc8 16. Bh3 Bd5 17. Bxe7 Re8 18. Bg5 c5 $15 {Shneider,A-Ibragimov,I/
SSSR/1991/Inf 53/373/}) 12... Bg7 13. h5 O-O 14. Kf1 $1 (14. hxg6 fxg6 15. Rxh7
$6 Bxf3 16. Bxf3 Qf5 17. Rxg7+ Kxg7 18. Bxe7 Qxf3 19. Bxf8+ Qxf8 20. axb5 a5
$17) 14... Bd5 15. Ng5 $5 $146 (15. hxg6 fxg6 16. Ng5 Bxg2+ 17. Kxg2 Qd5+ 18.
Kg1 $1 h6 19. Nh3 Nc6 20. Nf4 Rxf4 21. gxf4 Rf8 22. Rh4 $16 {Sakaev,
K-Ibragimov,I/Herson/1991/0,5 (49) Inf 51/400/}) 15... Bxg2+ 16. Kxg2 Qd5+ 17.
Qf3 (17. Kg1 Nc6 $13) 17... Qxf3+ 18. Nxf3 (18. Kxf3 h6 19. Ne4 Nc6 $13) 18...
Re8 $1 (18... Nc6 $6 19. h6 Bh8 20. Nd2 f6 21. f4) 19. e6 (19. h6 Bf8) 19...
fxe6 20. Rae1 (20. hxg6 hxg6 21. Rhe1) 20... Nd7 21. hxg6 hxg6 22. Rxe6 Bf6 23.
g4 $1 $44 Nb6 24. g5 Nd5 $1 25. Kg3 Kf7 26. Rhe1 Bg7 27. Nh4 Nxc3 28. Nxg6 (28.
Rxe7+ $5 Rxe7 29. Rxe7+ Kg8 30. Nxg6 Nd5 31. Rd7 b4 $1 32. Bxb4 (32. Bc1 c3 33.
Rxd5 b3 $19) 32... Nxb4 33. Rxc7 $13) 28... Nd5 29. Nf4 $6 (29. Nxe7 b4 (29...
Nxe7 30. Rxe7+ Rxe7 31. Rxe7+ Kg8 32. Rxc7 Bxd4 33. f4) 30. g6+ Kf8 31. Nxd5
Rxe6 (31... bxa3 32. Nxc7 $1) 32. Rxe6 bxa3 33. Re3 Bxd4 34. Rxa3 c6 35. Nf4
$13) 29... Nxf4 30. Kxf4 Bxd4 31. g6+ Kg8 32. Bxe7 (32. Rxe7 Rxe7 33. Rxe7 c5
$19) 32... c5 33. Kf5 b4 (33... Bxf2 $5) 34. f4 c3 35. g7 c2 (35... Kf7 $5) (
35... Kxg7 $5 36. Rh1 Rh8 37. Rg6+ Kf7) 36. Kg6 b3 $2 (36... Ra7 $5 37. Bf6 (
37. f5 c1=Q $19) 37... Rxe6 38. Rxe6 Rxg7+ $1 39. Bxg7 Bxg7 40. Re1 (40. Re8+
Bf8 41. Re1 b3 $19) 40... Kf8 41. f5 Bb2 $19) 37. f5 b2 38. Rh1 $1 Bxg7 39. f6
Rxe7 (39... Bxf6 40. Bxf6 $18) 40. Rxe7 Bxf6 41. Kxf6 Rf8+ 42. Kg6 1-0

[Event "World Cup"]
[Site "Rotterdam"]
[Date "1989.??.??"]
[Round "?"]
[White "Jussupow, Artur"]
[Black "Seirawan, Yasser"]
[Result "1/2-1/2"]
[WhiteElo "2610"]
[BlackElo "2610"]
[Annotator "ChessBase"]
[PlyCount "53"]
[EventDate "1989.06.??"]
[EventType "tourn"]
[EventRounds "15"]
[EventCountry "NED"]
[EventCategory "15"]
[SourceTitle "CBM 013"]
[Source "ChessBase"]
[SourceDate "1989.12.01"]
[SourceVersion "1"]
[SourceVersionDate "1989.12.01"]
[SourceQuality "1"]

1. d4 d5 2. Nf3 Nf6 3. c4 dxc4 4. Nc3 c5 5. d5 e6 6. e4 exd5 7. e5 Nfd7 8. Bg5
(8. Qxd5 Nb6 $10) 8... Be7 9. Bxe7 Qxe7 10. Nxd5 Qd8 11. Qc2 $1 (11. Bxc4 O-O
12. O-O Nc6 13. Re1 Nb6 $10 {Miles,A-Seirawan,Y/London/1982/}) 11... b5 $5 {N}
(11... O-O $2 12. O-O-O $1 $16 {Beliavsky,A-Seirawan,Y/URS-WORLD London/1982/
1-0/}) (11... Na6 12. O-O-O b5 13. Qe4 Bb7 14. e6 Nb6 15. Qf5 $16 {Farago,
I-Hertneck,G/Altensteig/1987/1-0/ -> CBM 4}) 12. O-O-O (12. Qe4 $5 Bb7 $1 13.
e6 (13. Nf6+ $2 Qxf6 $1 14. Qxb7 Qc6 $1) 13... O-O $6 (13... Qa5+ $5 {Seirawan}
14. Kd1 fxe6 15. Qxe6+ Kd8 16. Ng5 Bxd5 17. Nf7+ (17. Qxd5 {!+-; Saidy} Re8 18.
Ne6+ Kc8 19. Be2 Qa6 (19... Nb6 20. Qxc5+ Kd7 21. Bg4 Rxe6 22. Qf5 $18) (19...
Qa4+ $5 {Seirawan} 20. Kc1 c3 $13) 20. Qxa8 Qxe6 21. Bf3) 17... Kc7 18. Qd6+
Kb7 19. Qxd5+ Nc6 $44) 14. O-O-O $1 {Minev} (14. exd7 $2 Qa5+ 15. Nd2 Bxd5 16.
Qxd5 Nxd7 $44) 14... Re8 15. exf7+ Kxf7 16. Qxh7 $16) 12... Bb7 13. h4 Bxd5 (
13... O-O $2 14. Ng5 g6 15. Nf6+ $18) 14. Rxd5 Qe7 15. Qe4 Nb6 $1 16. e6 $1 (
16. Rd6 N8d7 17. g3 O-O 18. Bh3 Rae8 19. Re1 Qxd6 $15) 16... f6 17. h5 $1 (17.
Rh5 $6 Na6 (17... g6 18. Qxg6+ $5 $13) 18. Qc6+ Kf8 19. Qxb5 g6 $13) 17... O-O
18. Nh4 Nxd5 19. Nf5 (19. Qxd5 $5 {Ftacnik} Rd8 20. Nf5 (20. Qxa8 $2 Qd6 $19)
20... Qe8 21. Qxa8 Qxe6 22. Ne3 Qd7 $13) 19... Qc7 $1 $8 20. Qxd5 (20. e7 $2
Qf4+ 21. Qxf4 Nxf4 22. exf8=Q+ Kxf8 23. g3 Nd3+ $17) 20... Nc6 21. Qxc6 $1 (21.
e7+ $2 Rf7 22. Nd6 $2 Qxe7 23. Nxf7 Qe1+ 24. Kc2 Nb4#) 21... Qf4+ 22. Ne3 Qxf2
23. Nd5 Qe1+ 24. Kc2 Qe4+ 25. Kc1 Qe1+ 26. Kc2 Qe4+ 27. Kc1 1/2-1/2